000 00238nam a2200109Ia 4500
008 190216s9999||||xx |||||||||||||| ||und||
100 _aMavnin
245 0 _aMechine Design
260 _bBhasha Institute
650 _aPhysics
942 _cBK
999 _c39056
_d39056